| 000 | 00992pam a2200325 a 4500 | ||
|---|---|---|---|
| 999 |
_c2326 _d2326 |
||
| 001 | 013527141 | ||
| 003 | Uk | ||
| 005 | 20230414090047.0 | ||
| 008 | 060807s2006 enka j 000 f eng d | ||
| 015 |
_aGBA668236 _2bnb |
||
| 016 | 7 |
_a013527141 _2Uk |
|
| 020 | _a9780746077061 (hbk.) : | ||
| 040 |
_aStDuBDS _beng _cStDuBDS _dUk _dKH8 |
||
| 042 | _aukblcatcopy | ||
| 082 | 0 | 4 |
_a823.914 KNI _222 |
| 100 | 1 |
_aKnighton, Kate. _eAuthor |
|
| 245 | 1 | 0 |
_aSleeping beauty / _cretold by Kate Knighton ; illustrated by Jana Costa ; reading consultant, Alison Kelly. |
| 260 |
_aLondon : _bUsborne, _c2006. |
||
| 300 |
_a48 p. : _bcol. ill. ; _c21 cm. |
||
| 336 |
_atext _2rdacontent |
||
| 337 |
_aunmediated _2rdamedia |
||
| 338 |
_avolume _2rdacarrier |
||
| 490 | 0 | _aUsborne young reading. Series one | |
| 500 |
_aFormerly CIP. _5Uk |
||
| 655 | 0 | _aFairy tales. | |
| 655 | 0 | _aChildren's stories. | |
| 700 | 1 |
_aCosta, Jana. _eIllustrator |
|
| 700 | 1 |
_aKelly, Alison. _econsultor |
|
| 942 |
_2ddc _cFIC |
||